1933 1588 1529 1840 1561 1193 1262 1417 1036 1470 1566 1492 1805 1211 1831 1259 1644 1794 1656 1374 1584 1254 1167 1852 1612 1672 1831 1956 1058 1683 1766 1654 1790 1582 1080 1662 1524 1509 1588 1896 1683 1378 1732 1149 1500 1681 1774 1675 1781 1008 1212 1525 1587 1427 1394 1375 1892 1591 1086 1414 1571 1853 1429 1908 1785 1071 1586 1734 1630 1346 1485 1101 1474 1999 1431 1148 1507 1346 1529 1146 1169 1311 1814 1928 1206 1467 1996 1066 1260 1031 1479 1694 1181 1922 1294 1025 1285 1219 1382 BCNSPRNW ULIB Ver.6.0+V

เปลี่ยนเป็นภาษาไทย

Change to English
 แสดงรายละเอียดบรรณานุกรม
  กลับหน้าหลัก

Brief Record : Get Marc (ISO 2709) : E-mail record : QR code < ปิดหน้าต่าง
LEADER : 00000nas 2200000uu 4500
001    13399126837
003     ULIB
008    190528s2018||||th 000 0 tha d
022 0  ^a26729148
245 00 ^aวารสารสาธารณสุขและวิทยาศาสตร์สุขภาพ^bวิทยาลัยการสาธารณสุขสิรินธร จังหวัดตรัง
310    ^aรายสี่เดือน
850 ^a ULIB^bฉบับที่ 3 ปีที่ 1 ฉ.1
945    ^p0^l0^i905236
999    ^aประนอม เกษจรัล
รายการนี้ยังไม่มีแท็ก
คุณยังไม่ได้ล็อกอิน คุณสามารถมีกิจกรรมร่วมกับเว็บไซต์ได้ แต่ต้องล็อกอินก่อน ::
  ล็อกอิน

รายการสื่อสารสนเทศ (วารสาร)

ดูแบบ: กล่อง รายการ
ARRIVED
ฉบับที่ 3 ปีที่ 1 ฉ.1
สถานที่: ห้องสมุดวิทยาเขตสวรรค์ประชารักษ์ >วารสาร

BibComment


ยังไม่เคยถูกคอมเมนท์

คอมเมนท์ทรัพยากรรายการนี้
  คอมเมนท์: วารสารสาธารณสุขแ..


 Copyright 2026. Bcnsprnw @Library